000 00525nam a2200217Ia 4500
003 OSt
005 20231005145737.0
008 210210b1934 xxu||||| |||| 00| 0 eng d
040 _cAL
041 _aeng
082 _a823/230
100 _aSHAKESPEARE (William)
_9136291
245 _aMerchant of Venice
260 _aLondon
_bMacmillan & Co. Ltd.
_c1934
650 _aVenice
_9136292
650 _aof
_9136293
650 _aMerchant
_9136294
690 _aEnglish Drama
_9136295
906 _a013776
942 _2ddc
_cBK
999 _c132828
_d132828